| 000 | 00431nam a2200157 4500 | ||
|---|---|---|---|
| 020 | _a978-970-24-0255-8 | ||
| 050 | _aTA405 C89 2002 | ||
| 082 | _a620.112.92 C886m 2002 | ||
| 100 | _aCraig, Roy R. | ||
| 245 | _aMec nica de materiales / Roy R. Craig, | ||
| 250 | _a1 / 2 Ingles | ||
| 260 | _aMéxico: Patria | ||
| 300 | _axvi, p g. varia 752 p. / 27 cm. | ||
| 500 | _aIncluye Cd-Rom. | ||
| 650 | _a1. RESISTENCIA DE MATERIALES | ||
| 999 |
_c27411 _d27411 |
||